| 000 | 00437pab a2200169 454500 | ||
|---|---|---|---|
| 008 | 180718b1999 xxu||||| |||| 00| 0 eng d | ||
| 100 | _aRam, F. | ||
| 245 | _aFertility transition in India and its social and economic implications | ||
| 260 | _c1999 | ||
| 300 | _ap.35-48 | ||
| 362 | _aOct-Dec | ||
| 650 | _aIndia - Population | ||
| 650 | _aFertility - India | ||
| 650 | _aFertility | ||
| 773 | _aManpower Journal | ||
| 909 | _a48233 | ||
| 999 |
_c48233 _d48233 |
||